000 00521nam a2200169Ia 4500
008 090201s9999 xx 000 0 und d
010 _aKPL-32524
040 _bमराठी
041 _aमराठी
082 _a36401
_b32524
100 _aजेम्स हॅडली चेस
245 _aतडीपार
_cजेम्स हॅडली चेस
260 _c2004
_bमनोरंजन प्रकाशन
300 _a172
_bमोठा
600 _aतडीपार
942 _cBOOK
999 _c234399
_d234399